| 000 | 00618nam a2200217Ia 4500 | ||
|---|---|---|---|
| 003 | OSt | ||
| 005 | 20251204111151.0 | ||
| 008 | 220917b |||||||| |||| 00| 0 eng d | ||
| 037 | _cTB | ||
| 040 |
_aARTS _cARTS _beng |
||
| 041 |
_2eng _aeng |
||
| 084 |
_aQ6:369(R292) L7 _qAL |
||
| 100 |
_aBrooke elise _975309 |
||
| 245 | 0 | _aTheology and fantasy | |
| 260 |
_aButler: _bClergy Book service; _c1977. |
||
| 300 |
_a83p. _ccm. |
||
| 490 | _aTheology today series; 40 | ||
| 650 |
_aRELIGION; CHRISTIANITY _9854449 |
||
| 942 |
_hQ6:366(R292), L7 _cTB _2CC _n0 |
||
| 999 |
_c188779 _d188779 |
||